Statistics for Book Adaptations

Click here to take the quiz!

General Stats

  • This quiz has been taken 17 times
  • The average score is 9 of 20

Answer Stats

AuthorBook Adaptation% Correct
J.K. RowlingHarry Potter
100%
Louisa May AlcottLittle Women
79%
Harper LeeTo Kill A Mockingbird
71%
Frank HerbertDune
64%
Mario PuzoThe Godfather
64%
Stieg LarssonThe Girl With The Dragon Tattoo
57%
Suzanne CollinsThe Hunger Games
57%
Stephen KingCarrie
50%
Chuck PalahnuikFight Club
50%
Jack LondonThe Call of the Wild
50%
Thomas HarrisThe Silence of the Lambs
43%
Veronica RothDivergent
29%
Cormac McCarthyNo Country For Old Men
29%
Rick RiordanPercy Jackson and the Olympians
21%
James DashnerThe Maze Runner
21%
Meg CabotThe Princess Diaries
21%
Jessica BruderNomadland
14%
Stephen ChboskyThe Perks of being a Wallflower
14%
L. J. SmithThe Vampire Diaries
14%
Delia OwensWhere The Crawdads Sing
7%

Score Distribution

Percentile by Number Answered

Percent of People with Each Score

Your Score History

You have not taken this quiz